| 000 | 00508nam a2200181Ia 4500 | ||
|---|---|---|---|
| 008 | 230917s9999||||xx |||||||||||||| ||und|| | ||
| 020 | _cRS370 | ||
| 040 |
_e238556 _aMAIN |
||
| 041 | _aEnglish | ||
| 082 | _a621.47 R137N(2) | ||
| 100 | _aRajput, R K | ||
| 245 | 0 | _aNon-conventional energy sources and utilisation: Energy engineering | |
| 250 | _a2nd ed. | ||
| 260 |
_aNew Delhi _bS Chand _c2016 |
||
| 300 | _axxviii, 432 p. | ||
| 500 | _a2638 03/03/2017 HBD17/6940 30/03/2017 Main Budget | ||
| 942 | _cBK | ||
| 999 |
_c21722 _d21722 |
||